Akciové trhy v krajinách V4 bakalárska práca

Na minha lista:
Detalhes bibliográficos
Autor principal: Juhásová, Zuzana
Autor Corporativo: Podnikovohospodárska fakulta EU so sídlom v Košiciach. Katedra ekonómie
Outros Autores: Baumöhl, Eduard, 1982-
Formato: Livro
Idioma:eslovaco
Publicado em: Košice 2014
Tags: Adicionar Tag
Sem tags, seja o primeiro a adicionar uma tag!

MARC

LEADER 00000nbm a2200000 4500
001 0189129
005 20240827091934.5
041 0 |a slo 
044 |a SK 
245 1 0 |a Akciové trhy v krajinách V4  |b bakalárska práca  |c Zuzana Juhásová ; školiteľ: Eduard Baumöhl 
264 1 |a Košice  |c 2014 
300 |a 46 s. 
100 1 |a Juhásová, Zuzana 
700 1 |a Baumöhl, Eduard, 1982- 
710 2 |a Podnikovohospodárska fakulta EU so sídlom v Košiciach. Katedra ekonómie